Educaȯ̂ 5.0 Educaȯ̂ para o Futuro /
| Main Author: | |
|---|---|
| Other Authors: | , |
| Format: | eBook |
| Language: | Portuguese |
| Published: |
Rio de Janeiro:
Editora Processo,
2022
|
| Edition: | 2da. Edicin̤ |
| Subjects: | |
| Online Access: | Acceso restringido |
MARC
| LEADER | 00000nam a22000007a 4500 | ||
|---|---|---|---|
| 005 | 20220801232614.0 | ||
| 007 | cr|||| |||| | ||
| 008 | 220801s2022 br |||||s|||| 00||0 por d | ||
| 020 | |a 978658935190-0 | ||
| 035 | |a 36781 | ||
| 040 | |a vLex | ||
| 090 | |c 13663 |d 13663 | ||
| 100 | 1 | |a de Moraes Mello, Cleyson | |
| 245 | 1 | 0 | |a Educaȯ̂ 5.0 |h [Recurso electrn̤ico] : |b Educaȯ̂ para o Futuro / |c Cleyson de Moraes Mello, Jos ̌Rogřio Moura de Almeida Neto, Regina Pentagna Petrillo |
| 250 | |a 2da. Edicin̤ | ||
| 256 | |a Servicio en ln̕ea | ||
| 260 | |a Rio de Janeiro: |b Editora Processo, |c 2022 | ||
| 300 | |a 1 recurso electrn̤ico | ||
| 500 | |a Esta obra oferece uma clara e panorḿica visô de como vem sendo realizada a evoluȯ̂ da educaȯ̂. Os autores apresentam uma personals̕sima anl̀ise do mais refinado pensamento da Educaȯ̂ 5.0 abordando temas como: o ensino por competn̊cias, as metodologias ativas, intelign̊cia artificial, big data, realidade virtual e realidade aumentada, machine learning, data analytics, cultura maker, dentre outros. Os autores, com larga expertise em gestô universitr̀ia, abordam, ainda, o mťodo de gestô PDCA, bem como as ferramentas bs̀icas de qualidade, tais como: Grf̀ico de Pareto, Diagrama de Ishikawa (espinha de peixe), Histograma, Carta de Controle, diagrama de Dispersô, Fluxograma, Folha de Verificaȯ̂ e anl̀ise SWOT. O livro contribui vigorosamente para a formaȯ̂ dos professores pois apresenta uma visô geral das principais ferramentas de apoio ao docente: Plickers, Kahhot, Socrative, Google for Education, Blackboard Collaborate, Mentimeter, Padlet, GoConqr, Nearpod, Prezi, Canvas, dentre outros. A obra possibilita, portanto, o conhecimento do enfoque acadm̊ico relativamente ̉teoria e prt̀ica da educaȯ̂ apontando os seus pressupostos e fatores que contribur̕am para entender os novos modelos da denominada Educaȯ̂ 5.0. | ||
| 506 | 1 | |a Disponible solo en los productos indicados |d vLex Global |d vLex Global (Academic Edition, excluding Law Schools) |d vLex Global (U.S. Academic Edition, Law Schools) |d vLex Global (U.S. Academic Edition, excluding Law Schools) |d vLex Global (Academic Edition, Law Schools) | |
| 650 | 0 | 4 | |a Educacin̤ |z Brasil |
| 700 | 1 | |a Moura de Almeida Neto, Jos ̌Rogřio | |
| 700 | 1 | |a Pentagna Petrillo, Regina | |
| 740 | 0 | |a vLex Libros (Servicio en ln̕ea) | |
| 856 | 4 | 0 | |u https://app.vlex.com/#/sources/36781 |z Acceso restringido |
| 942 | |c BOOK | ||
| 999 | 0 | |a Education | |


